000 00443pab a2200169 454500
008 180718b2013 xxu||||| |||| 00| 0 eng d
100 _aPitre, Amita
245 _aRape and medical evidence gathering systems: Need for urgent interventions
260 _c2013
300 _ap.16-17.
362 _a19 Jan
650 _aSexual abuse
700 _aLingam, Lakshmi
773 _aEconomic and Political Weekly
908 _aN
909 _a98682
999 _c98681
_d98681